List of 50 top scorers for the national football team - Statistiques

Statistiques générales
  • Ce quiz a été pris 97 fois
  • Le résultat moyen est 18 sur 50
Statistiques - réponses
Country Number of goals Réponse % Correct
Portugal 128 Cristiano Ronaldo
100%
Argentina 106 Lionel Messi
99%
Brazil 62 Ronaldo
98%
Brazil 79 Neymar
91%
Germany 68 Gerd Müller
88%
France 57 Olivier Giroud
88%
Brazil 77 Pelé
88%
Belgium 83 Romelu Lukaku
84%
Uruguay 68 Luis Suárez
82%
Poland 74 Robert Lewandowski
82%
Hungary 84 Ferenc Puskás
75%
Spain 59 David Villa
73%
Ivory Coast 65 Didier Drogba
73%
Swenden 62 Zlatan Ibrahimović
73%
Uruguay 58 Edinson Cavani
72%
Cameroon 56 Samuel Eto'o
70%
England 62 Harry Kane
66%
Germany 71 Miroslav Klose
64%
Bosnia and Herzegovina 65 Edin Džeko
60%
Ireland 66 Robbie Keane
44%
United States 57 Landon Donovan
35%
Serbia 57 Aleksandar Mitrović
34%
Argentina 54 Gabriel Batistuta
30%
United States 57 Clint Dempsey
29%
Brazil 55 Romário
29%
Iran 109 Ali Daei
18%
Czech Republic 55 Jan Koller
16%
Hungary 75 Sándor Kocsis
10%
India 94 Sunil Chhetri
8%
Kuwait 75 Bashar Abdullah
4%
Guatemala 68 Carlos Ruiz
4%
Egypt 66 Hossam Hassan
4%
Saudi Arabia 72 Majed Abdullah
4%
Trinidad and Tobago 65 Stern John
4%
United Arab Emirates 83 Ali Mabkhout
3%
Thailand 65 Piyapong Pue-on
3%
Maldives 56 Ali Ashfaq
2%
Honduras 56 Carlos Pavón
2%
Zambia 75 Godfrey Chitalu
2%
Iraq 65 Hussein Saeed
2%
Thailand 71 Kiatisak Senamueang
2%
Malawi 66 Kinnah Phiri
2%
Malaysia 85 Mokhtar Dahari
2%
Iraq 54 Ahmed Radhi
1%
Kuwait 56 Bader Al-Mutawa
1%
Korea South 56 Cha Bum-geun
1%
Hungary 59 Imre Schlosser-Lakatos
1%
Kuwait 63 Jasem Al-Huwaidi
1%
Japan 55 Kazuyoshi Miura
1%
Iraq 54 Younis Mahmoud
1%
Aucun quiz correspondant
Distribution des résultats
% des personnes avec chaque résultat
Percentile par nombre de réponses
Votre historique - résultats
Vous n’avez pas pris ce quiz